| 000 | 00407nam a22001457a 4500 | ||
|---|---|---|---|
| 008 | 230919b |||||||| |||| 00| 0 eng d | ||
| 020 | _a2940373093 | ||
| 050 |
_aP93.5 _b.B35 2006 |
||
| 100 | _aBaldwin, Jonathan | ||
| 245 |
_aVisual communication : _bfrom theory to practice/ _cJonathan Baldwin |
||
| 260 |
_aLondon _bBloomsbury _c2006 |
||
| 300 | _a191p. | ||
| 700 | _aRoberts, Lucienne | ||
| 942 |
_2lcc _cBK |
||
| 999 |
_c20310 _d20309 |
||